Reunión de bachilleres : historia de una culpa juvenil /

Kaydedildi:
Detaylı Bibliyografya
Yazar: Werfel, Franz (autor)
Materyal Türü: Kitap
Dil:İspanyolca
Baskı/Yayın Bilgisi: Barcelona, España : Editorial Minúscula, 2005, c2005
Seri Bilgileri:(Alexanderplatz ; 10)
Konular:
Etiketler: Etiketle
Etiket eklenmemiş, İlk siz ekleyin!

MARC

LEADER 00000nam^a2200000^a^4500
001 000583223
005 20250521000000.0
009 20260310132645.247
020 |a 84-95587-26-2 
037 |a Acervo ITESO - Biblioteca 
041 |a ESP 
082 |a 838.  |b ALE V. 10 
100 |a Werfel, Franz  |e (autor) 
245 1 0 |a Reunión de bachilleres :  |b historia de una culpa juvenil /  |c F. Werfel ; tr. de Eugenio Bou. 
246 2 |a Título en la cubierta: Reunión de bachilleres 
264 4 |a Barcelona, España :  |b Editorial Minúscula,  |c 2005, c2005 
300 |a 207 p. 
336 |a texto  |b txt  |2 rdacontenido 
337 |a sin mediación  |b n  |2 rdamedio 
338 |a volumen  |b nc  |2 rdasoporte 
440 1 |a (Alexanderplatz ;  |v 10) 
500 |a Traducción de: Der Abituriententag. Die Geschichte einer Jugendschuld 
545 0 |a Franz Werfel (Praga, 1890 – Los Angeles, 1945), escritor austríaco-bohemio de lengua alemana nacido en una familia de origen judío y amigo de sus coterráneos Max Brod (1884-1968) y Franz Kafka (1883-1924). Radicado en Viena y Berlín, donde contrajo matrimonio con Alma Mahler, es reconocido en México principalmente por Juárez y Maximiliano (1924), recreación dramática de los sucesos de la Intervención Francesa y la oposición nacional frente al Segundo Imperio en México. La publicación de la novela Los 40 días del Musa Dagh (1933), cuya acción se desarrolla durante la I Guerra Mundial –en la que Werfel tomó parte como militar- y es una denuncia pionera del genocidio de los armenios en Turquía, le catapultó a la fama internacional. Emigrado primero a Francia en 1938 y luego a Estados Unidos, escribió la popular La canción de Bernadette: historia de las apariciones de la Virgen de Lourdes (1941) en gratitud por el refugio que encontró en Lourdes, Francia, cuando huia a pie hacia España en 1940. Otros de sus títulos traducidos al español son: El culpable no es el asesino sino la víctima (1915), La novela de la ópera/Verdi: la novela de la ópera (1924), La muerte del pequeño burgués (1927), El secreto de un hombre (1927), Reunión de bachilleres: historia de una culpa juvenil (1928), Los hermanos de Nápoles/Los seis hermanos de Nápoles (1931), La casa del luto (1933), Escuchad la voz (1937), El cielo a buen precio (1939), Una letra femenina azul pálido (1941), Los que no nacieron (1946) –todos ellos creaciones narrativas- y un volumen de Poesías (1940). Sus creaciones más conocidas han dado origen a las películas norteamericanas Juárez (William Dieterle, 1939), Bernadette (Henry King, 1943), Yo y el coronel (Peter Glenville, 1958) y Forty Days of Musa Dagh (Sarky Mouradian, 1982) y el filme alemán El cielo defraudado (Ernst Marischka, 1958). 
649 |a XX 
650 |a Escritores Austríacos 
650 |a Adolescentes en la Literatura 
650 |a Novela Checa 
650 |a Literatura en Alemán -  |z República Checa 
650 |a Literatura Checa -  |y Siglo XX 
650 |a Culpa -  |x Tema Principal 
650 |a Memoria y Olvido 
650 |a Escuelas en la Literatura 
650 |a Austria en la Literatura 
910 |a Fondo Castillo-Martínez 
920 |a Impresos - Libros 
930 |a Fondos Especiales 
940 |a Literatura 
905 |a 127 
901 |a 0500348688  |b IT2  |c ESP  |i D128038  |u 20250521 
902 |a https://opac.biblio.iteso.mx/vufind/Record/000583223